Central Library OPAC University of Rajshahi

شمائل نرمذي ### Shamael Tirmidhi / (Record no. 80355)

MARC details
000 -LEADER
fixed length control field 00834naa a2200217 a 4500
001 - CONTROL NUMBER
control field 80355
003 - CONTROL NUMBER IDENTIFIER
rucl marc code BD-RjUL
005 - DATE AND TIME OF LATEST TRANSACTION
control field 20220914114651.0
008 - FIXED-LENGTH DATA ELEMENTS--GENERAL INFORMATION
fixed length control field 220914s1945 pk ||||| |||| 00| 0 urd d
035 ## - SYSTEM CONTROL NUMBER
System control number (BD-RjUL)80355
040 ## - CATALOGING SOURCE
Original cataloging agency BD-RjUL
Language of cataloging eng
Transcribing agency BD-RjUL
041 ## - LANGUAGE CODE
Language code of text/sound track or separate title urd
082 ## - DEWEY DECIMAL CLASSIFICATION NUMBER
Edition number 23
Classification number 297.2
Author mark and year TIS 1945
100 1# - MAIN ENTRY--PERSONAL NAME
Personal name ترمذي، محمد بن عسى., محمد زكريا # # # Tirmidhi, Muhammad bin Asa, Muhammad Zakaria.,
9 (RLIN) 4800
245 10 - TITLE STATEMENT
Title شمائل نرمذي ### Shamael Tirmidhi /
Statement of responsibility, etc. with commentary Khasaa-il nabawi ... Muh̲ammad Zakariyya Kandhelwi ; translated by Muh̲ammad bin ʻAbdurrah̲maan Ebrahim,
260 ## - PUBLICATION, DISTRIBUTION, ETC. (IMPRINT)
Place of publication, distribution, etc. karachi :
Name of publisher, distributor, etc. nur mohammad kakhana tijarat i kutub ,
Date of publication, distribution, etc. 1945
300 ## - PHYSICAL DESCRIPTION
Pagination 437 p. ;
Size 23 cm
650 ## - SUBJECT ADDED ENTRY--TOPICAL TERM
Topical term or geographic name as entry element Religious life
Form subdivision Islam
9 (RLIN) 4801
Topical term or geographic name as entry element Islam
Form subdivision Doctrines
9 (RLIN) 739
942 ## - ADDED ENTRY ELEMENTS (KOHA)
Source of classification or shelving scheme Dewey Decimal Classification
Koha item type Books
Holdings
Lost status Source of classification or shelving scheme Damaged status Not for loan Collection code Permanent Location Current Location Shelving location Date acquired Source of acquisition Cost, normal purchase price Total Checkouts Full call number Date last seen Copy number Koha item type
  Dewey Decimal Classification   Not For Loan Non-fiction Central Library, University of Rajshahi Central Library, University of Rajshahi Reading Room 17/10/1973 Quan manjil, Rajshahi 22.00   U 297.2 TIS 1945 14/09/2022 C-1 Books